| 000 | 00659nam a2200217 4500 | ||
|---|---|---|---|
| 003 | OSt | ||
| 005 | 20240627073512.0 | ||
| 006 | a | ||
| 008 | 240627b |||||||| |||| 00| 0 eng d | ||
| 020 | _a9789712346941 | ||
| 040 |
_aDWCL-Main lib. _cOC |
||
| 082 |
_2Revised edition _aFil. 613.7 Oy98 2007 |
||
| 100 | _aOyco, Virginia D. | ||
| 245 | _aPhysical fitness for college freshmen Rev. ed. / | ||
| 250 | _aRevised edition | ||
| 260 |
_aQuezon City : _b Rex Book Store, Inc., _cc2007. |
||
| 300 |
_ax, _b160 p. : ill. ; _c22 cm. |
||
| 650 | _a1. Physical fitness. | ||
| 650 | _a2. Physical education. | ||
| 942 |
_2ddc _n0 _cBK - FIL _eRevised edition _kFil. |
||
| 999 |
_c1518 _d1518 |
||